Hindustān ke salātīn, ʻulamāʼ aur mashāʼik̲h̲ ke taʻalluqāt par ek naẓar. (Record no. 66484)

MARC details
000 -LEADER
fixed length control field 00666cam a22002411 4500
001 - CONTROL NUMBER
control field sa 65009868
003 - CONTROL NUMBER IDENTIFIER
control field DLC
005 - DATE AND TIME OF LATEST TRANSACTION
control field 20260227112205.0
008 - FIXED-LENGTH DATA ELEMENTS--GENERAL INFORMATION
fixed length control field 890714s1964 ii 000 0 urdr
010 ## - LIBRARY OF CONGRESS CONTROL NUMBER
LC control number sa 65009868
035 ## - SYSTEM CONTROL NUMBER
System control number (OCoLC)20009960
040 ## - CATALOGING SOURCE
Original cataloging agency DLC
Transcribing agency WaU
Modifying agency DLC
042 ## - AUTHENTICATION CODE
Authentication code premarc
043 ## - GEOGRAPHIC AREA CODE
Geographic area code a-ii---
050 00 - LIBRARY OF CONGRESS CALL NUMBER
Classification number DS452
Item number .A15
100 1# - MAIN ENTRY--PERSONAL NAME
Personal name ʻAbdurraḥmān, Ṣabāḥuddīn.
245 10 - TITLE STATEMENT
Title Hindustān ke salātīn, ʻulamāʼ aur mashāʼik̲h̲ ke taʻalluqāt par ek naẓar.
260 ## - PUBLICATION, DISTRIBUTION, ETC.
Date of publication, distribution, etc. 1964.
300 ## - PHYSICAL DESCRIPTION
Extent 8, 228 p.
Dimensions 25 cm.
500 ## - GENERAL NOTE
General note In Urdu.
500 ## - GENERAL NOTE
General note Text partially vocalized.
650 #0 - SUBJECT ADDED ENTRY--TOPICAL TERM
Topical term or geographic name entry element Muslims
Geographic subdivision India
General subdivision History.

No items available.

Powered by Koha